000 00712nam a2200229Ia 4500
003 OSt
005 20220923225315.0
006 a|||||r|||| 00| 0
007 ta
008 220922b |||||||| |||| 00| 0 hin d
024 _a262,593
037 _cTextual
040 _aARTS
_cARTS
_bhin
041 _2hin
_ahin
082 _aO152,1N37,6, [M0]
245 0 _aसमकालीन संदर्भ और नरेन्द्र मोहन की कविता
246 _aSamakālīn sandarbha aur narendra mohan kī kavitā
260 _c1980
650 _aहिन्दी साहित्य
_9156264
942 _hO152,1N37,6, [M0]
_cTEXL
_2CC
999 _c377437
_d377437